00381nam a2200145Ia 4500003000400000008004100004040001600045082001700061100002000078245004900098260003200147300001200179650002900191650001500220GCL140319s9999 xx 000 0 eng d aGCL / cGCL04a388.342bB T1 aBOWLER, MICHAEL10aTrack Tests: Sports Cars / cBOWLER, MICHAEL a[S.N] : bHAM LYN ، c1981 a144 P P04aTRACKED LANDING VEHICLES04aSPORT CARS